Normal view
MARC view
Entry Topical Term
001 - CONTROL NUMBER
- control field: 79193
003 - CONTROL NUMBER IDENTIFIER
- control field: OSt
005 - DATE AND TIME OF LATEST TRANSACTION
- control field: 20200722154648.0
008 - FIXED-LENGTH DATA ELEMENTS
- fixed length control field: 200722|| aca||aabn | a|a d
040 ## - CATALOGING SOURCE
- Original cataloging agency: OSt
- Transcribing agency: OSt
150 ## - HEADING--TOPICAL TERM
- Topical term or geographic name entry element: Dance
670 ## - SOURCE DATA FOUND
- Source citation: Work cat.: (OSt): Dutt,Bishnupriya 79192, Ingendering Performance Indian Women Performers in Search of an Identity , 2010









